000 00522 a2200169 4500
003 OSt
005 20231205152804.0
008 231205b |||||||| |||| 00| 0 eng d
020 _a9781472957375
040 _coclc
082 _a372.890440941
_bHOR/F
100 1 _aHorrie, Clare
_910047
245 _a100 ideas for primary teachers.
_bHistory /
_cClare Horrie and Rachel Hillman
260 _bBloomsbury,
_c2019.
300 _a143p
942 _2ddc
_cBK
_h372.890440941
_iHOR/F
_k372.890440941
_mHOR/F
999 _c43795
_d43795